1580 1998 1533 1106 1331 1448 1654 1124 1675 1982 1883 1703 1414 1525 1059 1242 1678 1557 1968 1177 1526 1652 1213 1526 1435 1746 1251 1895 1392 1495 1981 1090 1977 1869 1310 1243 1672 1015 1671 1775 1048 1425 1970 1966 1741 1813 1197 1379 1551 1118 1294 1698 1256 1853 1254 1034 1148 1602 1780 1478 1027 1241 1194 1399 1869 1607 1879 1129 1018 1062 1609 1575 1557 1874 1744 1858 1644 1997 1720 1583 1913 1752 1496 1927 1863 1786 1086 1229 1537 1980 1455 1053 1936 1937 1446 1243 1711 1150 1876 BCNSPRNW ULIB Ver.6.0+V

เปลี่ยนเป็นภาษาไทย

Change to English
 แสดงรายละเอียดบรรณานุกรม
  กลับหน้าหลัก

Brief Record : Get Marc (ISO 2709) : E-mail record : QR code < ปิดหน้าต่าง
LEADER : 00000nam 2200000uu 4500
001    13399124956
003     ULIB
008    160526s2556||||th 000 0 tha d
020    ^a9786162232541 (ล.2)
060  4 ^aWS100^bต367ก ล.2
110 1  ^aมหาวิทยาลัยขอนแก่น.^bคณะแพทยศาสตร์.^bภาควิชากุมารเวชศาสตร์
245 00 ^aตำรากุมารเวชศาสตร์ ^nเล่ม 2 =^bPediatrics /^cสุวรรณี วิษณุโยธิน ...[และคนอื่น ๆ] บรรณาธิการ
246 31 ^aPediatrics
250    ^aพิมพ์ครั้งที่ 1
260    ^aขอนแก่น :^bภาควิชากุมารเวชศาสตร์ คณะแพทยศาสตร์มหาวิทยาลัยขอนแก่น,^c2556
300    ^a2 เล่ม :^bภาพประกอบ
650  7 ^aกุมารเวชศาสตร์
650  7 ^aโรค^xในวัยทารกและเด็ก
694    ^aHealth sciences branch
700 0  ^aสุวรรณี วิษณุโยธิน,^eบรรณาธิการ
945    ^p480^l0^i23616
945    ^p480^l0^i23617
945    ^p480^l0^i23618
945    ^p480^l0^i23619
945    ^p480^l0^i23620
999    ^aทศพร เกษรทอง
รายการนี้ยังไม่มีแท็ก
คุณยังไม่ได้ล็อกอิน คุณสามารถมีกิจกรรมร่วมกับเว็บไซต์ได้ แต่ต้องล็อกอินก่อน ::
  ล็อกอิน

รายการสื่อสารสนเทศ

ลำดับที่ ประเภท เลขเรียก/บาร์โค้ด สถานที่ สถานะ
1. วิทยาศาสตร์การแพทย์ และสุขภาพ
หนังสือสำรอง
สถานะ=หนังสือสำรอง
WS100 ต367ก ล.2 ฉ.1 
  Barcode: 23616
ห้องสมุดวิทยาเขตนครสวรรค์
►หนังสือทั่วไป:l:General Books
บนชั้น
2. วิทยาศาสตร์การแพทย์ และสุขภาพ
วิทยาศาสตร์การแพทย์ และสุขภาพ
WS100 ต367ก ล.2 ฉ.2 
  Barcode: 23617
ห้องสมุดวิทยาเขตนครสวรรค์
►หนังสือทั่วไป:l:General Books
บนชั้น
3. วิทยาศาสตร์การแพทย์ และสุขภาพ
วิทยาศาสตร์การแพทย์ และสุขภาพ
WS100 ต367ก ล.2 ฉ.3 
  Barcode: 23618
ห้องสมุดวิทยาเขตนครสวรรค์
►หนังสือทั่วไป:l:General Books
บนชั้น
4. วิทยาศาสตร์การแพทย์ และสุขภาพ
วิทยาศาสตร์การแพทย์ และสุขภาพ
WS100 ต367ก ล.2 ฉ.4 
  Barcode: 23619
ห้องสมุดวิทยาเขตนครสวรรค์
►หนังสือทั่วไป:l:General Books
บนชั้น
5. วิทยาศาสตร์การแพทย์ และสุขภาพ
วิทยาศาสตร์การแพทย์ และสุขภาพ
WS100 ต367ก ล.2 ฉ.5 
  Barcode: 23620
ห้องสมุดวิทยาเขตนครสวรรค์
►หนังสือทั่วไป:l:General Books
บนชั้น

รายการใกล้เคียง
    หัวเรื่อง [กุมารเวชศาสตร์]

BibComment


ยังไม่เคยถูกคอมเมนท์

คอมเมนท์ทรัพยากรรายการนี้
  คอมเมนท์: ตำรากุมารเวชศาสต..


 Copyright 2026. Bcnsprnw @Library